Diagenesis in sediments and sedimentary rocks /

Guardado en:
Otros Autores: Larsen, Gunnar., 1928- (Editor ), Chilingar, George V., 1929- (Editor )
Formato: Libro
Idioma:English
Publicado: New York : Elsevier Scientific Publishing Company, 1979-<1983.
Series:Developments in sedimentology ; 25A
Etiquetas: Agregar Etiqueta
Sin Etiquetas, Sea el primero en etiquetar este registro!
LEADER 00839nam a22002055a 4500
001 EEA.libagro002811
005 20191002112016.0
008 130809m19799999nyua#####b####000#0#eng#d
020 |a 0444416579 
082 0 4 |a 552.5 
100 1 |a Larsen, Gunnar.,  |d 1928-  |4 edt 
245 1 0 |a Diagenesis in sediments and sedimentary rocks /  |c edited by Gunnar Larsen and George V. Chilingar. 
260 |a New York :  |b Elsevier Scientific Publishing Company,  |c 1979-<1983. 
300 |a 579 p. :  |b il. ;  |c 25 cm. 
490 1 |a Developments in sedimentology ;  |v 25A 
500 |a Edición 1967 publicada bajo el título: Diagenesis in sediments. 
504 |a Incluye bibliografías e índices. 
700 1 |a Chilingar, George V.,  |d 1929-  |4 edt 
859 |a AR-BbBCA  |b BIB. AGRONOMIA  |h 552.5  |i L334  |p 1980/0016 
859 |a AR-BbBCA  |b BIB. AGRONOMIA  |h 552.5  |i L334  |p 1981/0080  |t Ej.2